00326 a2200109 4500001001000000005001700010008004100027245005600068100002000124773005500144999001700199ART_3960820260410162000.0260409a 10aPascual Contursi y el origen de las letras de tango1 aRomano, Eduardo0 tPropuestasg- Año 2, Nº 4 (nov. 1996)wREV28258 c31226d31226